| 000 | 00805nam a22002057a 4500 | ||
|---|---|---|---|
| 008 | 140903t mx||||| |||| 00| 0 spa d | ||
| 020 | _a968360112X | ||
| 050 | 0 | 4 |
_aPC4834.Y82 _bL67 1987 |
| 100 | 1 | _aLope Blanch, Juan M. | |
| 245 | 1 | 0 |
_aEstudios sobre el español de Yucatán / _cJuan M. Lope Blanch |
| 250 | _a1a ed. | ||
| 260 |
_aMéxico : _bUniversidad Nacional Autónoma de México ; Instituto de Investigaciones Filológicas, _c1987 |
||
| 300 |
_a137 p. : _bil. ; _c22 cm. |
||
| 440 | 0 |
_aPublicaciones del Centro de Lingüística Hispánica ; _v24 |
|
| 504 | _aIncluye referencias bibliograficas e índice | ||
| 650 | 4 |
_aEspañol _xProvincialismo _zYucatan Peninsula |
|
| 650 | 4 |
_aCastellano _zYucatán Peninsula |
|
| 710 | 2 | _aUniversidad Nacional Autónoma de México | |
| 942 |
_2ddc _cLIB |
||
| 999 |
_c77746 _d77746 |
||